000 00467nam a2200181Ia 4500
001 11833
005 20260306162857.0
008 260306t2023||||xx |||||||||||||| ||spa||
041 _aESP
082 _aHR 200
_bENE-MAR 2023 PROYECCIÓN.2
110 _aFacultad de Teología de Granada
245 0 _aProyección:
_bteología y mundo actual
260 _c2023
300 _a114 páginas :
_c24 cm.
650 _aGEN
654 _aCHU
942 _cREV
_dJUS
_fJUS
_2ddc
_n
999 _c11833
_d11833